Online Public Access Catalogue

Textbook of Medical Physiology (Record no. 13054)

MARC details
000 -LEADER
fixed length control field 00402nam a22001577a 4500
020 ## - INTERNATIONAL STANDARD BOOK NUMBER
International Standard Book Number 9780721686776
082 ## - DEWEY DECIMAL CLASSIFICATION NUMBER
Classification number 612
Author Mark GUY
100 ## - MAIN ENTRY--PERSONAL NAME
Author Name C.Guyton
245 ## - TITLE STATEMENT
Title Textbook of Medical Physiology
250 ## - EDITION STATEMENT
Edition statement 10
260 ## - PUBLICATION, DISTRIBUTION, ETC.
Place of publication, distribution, etc. USA
Name of publisher, distributor, etc. W.B. Saunders Company
Date of publication, distribution, etc. 2000
300 ## - PHYSICAL DESCRIPTION
No of Pages 1064 p
illustrations Images
Dimensions 29 cm
504 ## - BIBLIOGRAPHY, ETC. NOTE
Bibliography, Index, etc. note Include Index
650 ## - SUBJECT ADDED ENTRY--TOPICAL TERM
Subject Book Bank
Keywords Cell And Function
-- Genetic
-- IMDC
942 ## - ADDED ENTRY ELEMENTS (KOHA)
Source of classification or shelving scheme
Koha item type Books
952 ## - LOCATION AND ITEM INFORMATION (KOHA)
-- 2023-03-08
Holdings
Item status Home library Current library Shelving location Date acquired Source of acquisition Total Checkouts Full call number Barcode Date last seen Koha item type
  Islamabad Medical and Dental College Islamabad Medical and Dental College Islamabad Medical and Dental College 08/03/2023 Donated   612 GUY G-840 08/03/2023 Books

Copyright @ IMDC Library
Islamabad Medical and Dental College
Bhara Kahu, Islamabad

  Contact the Librarian, IMDC
  Email:: library@imdcollege.edu.pk

  OPAC Customized by
  Mazhar Hussain,
  Librarian:
  Islamabad Medical and Dental College
  Email:: library@imdcollege.edu.pk